Регионална библиотека "Любен Каравелов" - Русе

Падишахът на подправките (Запис номер 330231)

MARC детайли
000 -Лидер
Контролно поле с фиксирана дължина 00867nam a22002417a 4500
003 - Код на организацията, давaща контролен номер
Контролно поле BLK
005 - Дата и час на последна редакция
Контролно поле 20240522134809.0
008 - Елементи от данни с фиксирана дължина
fixed length control field 190412b bu ||||| |||| 00| 0 bu d
020 ## - Международен стандартен номер на книга ISBN
Международен стандартен номер на книга ISBN 9786192430047
040 ## - Източник на каталожния запис
Идентификатор на билиотеката - собственик на записа BLK
041 ## - Код за език
Код за езика на текст/звукозапис или на отделно заглавие Български
Код за езика КДБФ Български
080 ## - УДК
Текстов определител УДК Турска литература
УДК код - определител по УДК 821.512.161
УДК - код + определител 821.512.161-31
УДК определител -31
100 ## - Редна дума - Автор
Автор Ерсин, Сайгън
Авторска отговорност първи автор
R(LIN) 1299
139 ## - Редно поле
Редна дума Ерсин, Сайгън
Авторски знак Еро - Е 83
245 ## - Сведения за заглавието
Заглавие Падишахът на подправките
Подзаглавни данни Роман
Редно поле (дума) Сайгън Ерсин; прев. от тур. Севжан Кендже
260 ## - Област на издателските данни
9 (RLIN) 209461
Място на издаване, разпространение и проч. София
Име на издателя, разпространителя и проч. Прозорец
Година на издаване 2019
300 ## - Физическа характеристика
Страници 368 с.
Размери/Мащаб 21 см
380 ## - Жанр
Жанр Худож. лит.
700 ## - Други автори (авторска отговорност)
9 (RLIN) 1168
Лично име Кендже, Севджан
Автороска отговорност (Описва отношението между автора и произведението) прев. от тур.
999 ## - СИСТЕМНИ КОНТРОЛНИ НОМЕРА
Koha biblionumber 330231
Koha biblioitemnumber 330231
942 ## - АРТИКУЛИ
Вид на библиотечния материал Книги
Скрит в OPAC Не
Koha issues (borrowed), all copies 16
Периодичен библиозапис Да
999 ## - СИСТЕМНИ КОНТРОЛНИ НОМЕРА
Koha biblioitemnumber 330231
944 ## - СЪЗДАВАНЕ И РЕДАКЦИЯ на ЗАПИСА
Служител, извършил регистрацията/редакцията 30530
Статус, дата на статуса Минев Младен
Наличности
Код за отписване Код за изгубен артикул Източник на класификационната схема Код за повреда Код за отдаване Артикулен № Име на библиотеката - собственик Име на библиотеката, в която се намира в момента Статус (Текущо местоположение) Дата на вписване в системата Местоположение - отдел Цена в лева Систематично азбучна сигнатура Баркод Цена в евро Служебен тип на артикула Коз за рестрикции
  Не е изгубен Universal Decimal Classification Не е повреден заемане за дома 701367 Регионална библиотека "Любен Каравелов" Русе Регионална библиотека "Любен Каравелов" Русе Заемна - подръчен фонд 2019-04-15 Заемна - подръчен фонд 15.00 П 894.35-31/Е 83 120000831279 7.67 Книги  
  Не е изгубен Universal Decimal Classification Не е повреден ползва се в читалня 779615 Регионална библиотека "Любен Каравелов" Русе Регионална библиотека "Любен Каравелов" Русе Хранилище 2020-07-01 Хранилище 20.00 Цб 299088 120000843646 10.23 Книги без рестрикции
  Не е изгубен Universal Decimal Classification Не е повреден заемане за дома 800004 Регионална библиотека "Любен Каравелов" Русе Регионална библиотека "Любен Каравелов" Русе Заемна - подръчен фонд 2020-09-18 Заемна - подръчен фонд 14.00 821-31/Е 83 С 120000847351 7.16 Книги без рестрикции
Vip Innovations Ltd, Rousse, Bulgaria 2025